| 000 | 00842nam a2200229 i 4500 | ||
|---|---|---|---|
| 001 | bg | ||
| 110 | 2 | _aPolitechnika Gdańska. | |
| 245 | 1 | 0 |
_aBolesław Mazurkiewicz Doktor Honoris Causa Politechniki Gdańskiej / _c[Politechnika Gdańska]. |
| 260 |
_aGdańsk : _bFundacja Promocji Przemysłu Okrętowego i Gospodarki Morskiej, _c2007. |
||
| 300 |
_a54 s. : _b1 portr., rys., wykr.; _c24 cm. |
||
| 600 | 1 | 9 |
_aMazurkiewicz, Bolesław _d(1931- ) _bbiografia |
| 610 | 2 | 9 |
_aPolitechnika Gdańska _xdoktorzy honoris causa |
| 650 | 9 |
_aDoktorzy honoris causa _zPolska |
|
| 650 | 9 |
_aInżynierowie _xbiografie _zPolska _y20-21 w. |
|
| 650 | 9 |
_aMowy polskie _yod 2001 r. |
|
| 040 | _cBPK | ||
| 041 | _apol | ||
| 044 | _aPOL | ||
| 080 | _a626/627:929-055A/Z](438)"20":[378.6:378.25](438) | ||
| 942 | _cKS | ||
| 008 | s pl f |000 0 pol | ||
| 999 |
_c55563 _d55563 |
||
| 856 |
_uhttp://koha.tu.koszalin.pl/cgi-bin/koha/opac-detail.pl?biblionumber=55563 _yKatalog online BPK |
||